|
|
|
|
| LEADER |
01013nam a2200253 a 4500 |
| 001 |
4678345 |
| 008 |
111207s1981 nyuaf b 001 0 eng d |
| 010 |
|
|
|a 81003732
|
| 020 |
|
|
|a 002536250X
|
| 040 |
|
|
|a DLC
|c DLC
|d DLC
|d BD-DhAAL
|
| 082 |
0 |
0 |
|a 616/.0194
|2 19
|
| 100 |
1 |
|
|a Rizzoli, Carol Eron.
|
| 245 |
1 |
4 |
|a The virus that ate cannibals /
|c Carol Eron.
|
| 260 |
|
|
|a New York :
|b Macmillan,
|c c1981.
|
| 300 |
|
|
|a xii, 193 p., [16] p. of plates :
|b ill. ;
|c 22 cm.
|
| 500 |
|
|
|a "A portion of this book originally appeared in different form in The Washington Post, March 7, 1977" -- copyright page.
|
| 504 |
|
|
|a Includes Bibliography (p. 177-183.) and index.
|
| 541 |
1 |
|
|e 00023945
|
| 650 |
|
0 |
|a Virology
|x Popular works.
|
| 650 |
|
2 |
|a Virus diseases.
|
| 650 |
|
2 |
|a Viruses.
|
| 852 |
1 |
|
|a Ayesha Abed Library
|j General shelf
|
| 999 |
|
|
|c 11539
|d 11539
|
| 952 |
|
|
|0 0
|1 0
|2 ddc
|4 0
|6 616_019400000000000_RIZ
|7 0
|9 18785
|a JPGSPH
|b JPGSPH
|d 2011-12-07
|e School of Public Helath
|l 0
|o 616.0194 RIZ
|p 3060023945
|r 2011-12-07
|t 1
|w 2011-12-07
|y BK
|